000 00285nam a22001337a 4500
008 180226b xxu||||| |||| 00| 0 eng d
020 _a0070448442
041 _aeng
080 _a621
100 _a27
101 _aeng
245 _achemical enginnering
_cmax,s.p
942 _2udc
_cBK
999 _c43423
_d43423